00678nam a2200205Ia 4500008004100000020001400041040001800055041000800073245011400081250001200195260005300207300002100260504002700281650003400308650001200342650004600354650001300400700003000413700002900443130821s1995 xxu gr eng  a00702349x aCo-BoUCMbspa00aeng00aBusiness ethics readings and cases in corporate moralitycEdited by W. Michael Hoffman, Robert E. Frederick. a3th. ed aNueva York (Estados Unidos)bMcGraw - Hillc1995 ax, 629 páginas aIncluye bibliografía04aAdministración de empresas 04aÉtica04aÉtica de los negociosvEstudio de casos04aNegocios aFrederick, Robert E.eed.1 aHoffman, W. Michaeleed.